| 000 | 00722nam a2200241 i 4500 | ||
|---|---|---|---|
| 001 | 7549 | ||
| 003 | ES-MaACL | ||
| 005 | 20250804004816.0 | ||
| 007 | t| | ||
| 008 | 910304s1990 sp |||| | spa d | ||
| 020 | _a84-206-0497-6 | ||
| 080 | _a523.12 | ||
| 100 | 1 |
_aGribbin, John. _959976 |
|
| 245 | 1 | 3 |
_aEl punto Omega _b: la búsqueda de la masa perdida y el destino final del Universo / _cJohn Gribbin. |
| 260 |
_aMadrid : _bAlianza, _cD.L. 1990. |
||
| 300 |
_a290 p. ; _c19 cm. |
||
| 490 | 1 |
_aLibro de bolsillo ; _v1497 |
|
| 650 | 1 | 4 |
_aCosmología. _911389 |
| 650 | 4 |
_aAstrofísica. _9135646 |
|
| 830 | 0 | 3 |
_aEl libro de bolsillo _v1497 _9177802 |
| 852 |
_aES-MaACL _jL-14808 |
||
| 999 |
_c7549 _d7549 |
||